000 00632nam a2200241Ia 4500
003 OSt
005 20221005122119.0
006 a|||||r|||| 00| 0
007 ta
008 221004b |||||||| |||| 00| 0 eng d
024 _a54120
037 _cTextual
040 _aCRL
_cCRL
_beng
041 _2eng
_aeng
082 _aT0M1hn1:N62, K2
100 _aUnesco
245 0 _aInt. directories of education educational publishers
260 _c1962
490 _aInternational directories of education,2
650 _aEDUCATION
942 _hT0M1hn1:N62, K2
_cTEXL
_2cc
999 _c1043293
_d1043293